Countries Created by World War I - Statistics

General Stats
  • This quiz has been taken 49 times
    41 since last reset
  • The average score is 9 of 14
Answer Stats
Former Nation Country Created % Correct
Austria-Hungary, Germany, and Russia Poland
97%
Austria-Hungary Austria
94%
Austria-Hungary Hungary
94%
Austria-Hungary Czechoslovakia
88%
Russia Latvia
82%
Russia Lithuania
82%
Russia Estonia
79%
Russia Finland
76%
Austria-Hungary Yugoslavia
76%
Ottoman Empire Turkey
74%
Germany Free City of Danzig
32%
Russia Soviet Union
32%
Germany Saar Basin
21%
Ottoman Empire Saudi Arabia
18%
No matching quizzes found
Score Distribution
Percent of People with Each Score
Percentile by Number Answered
Your Score History
You have not taken this quiz since the last reset